Middle ages geography quiz - Statistics

General Stats
  • This quiz has been taken 36 times
  • The average score is 4 of 11
Answer Stats
Hint Answer % Correct
important battle in England, 1066 Hastings
91%
Battle - An outnumbered English force under Henry V defeats the French through the use of massed longbowmen behind sharpened stakes. 1415 Agincourt
73%
Area in North America explored by vikings around 1000 AD Vinland
61%
Muslim emirate in the south of Spain (1232-1492) Granada
48%
informal capital of the Hanseatic league Lubeck
39%
A concordat in Germany that made an end to the investiture controversy. 1122 Worms
39%
battle between the Seljuk empire and the Byzantine empire in present day Turkey, 1071 Manzikert
30%
island before Englands east coast, also known as the Holy Island Lindisfarne
15%
Battle between Russia and the Golden Horde, 1380 (hint: Dimitry Donskoy) Kulikovo
6%
The name of Emmanuel Le Roy-Ladurie's most famous book (hint: catarism) Montaillou
6%
Important city in Northern France that was famous for it's black stones Tournai
3%
No matching quizzes found
Score Distribution
Percent of People with Each Score
Percentile by Number Answered
Your Score History
You have not taken this quiz